| 000 | 01155nam1a22002411 4500 | ||
|---|---|---|---|
| 001 | rc\4726787 | ||
| 005 | 20130416213557.5 | ||
| 035 | _a(NLR Aleph) 008445064 | ||
| 090 |
_a9502594 _c9502594 |
||
| 100 | _a20130416d1961 |||y0rusy50 ca | ||
| 101 | 0 | _arus | |
| 102 | _aRU | ||
| 105 | _ay g ||||| | ||
| 200 | 1 |
_aСправочно-методическое пособие по экономической части дипломного проекта для специальности "Машины и обработка металлов давлением" _fПодгот. доц. А.К. Тащевым. Ч. 1- _gЧеляб. политехн. ин-т. Кафедра экономики пром. и организации предприятия |
|
| 210 |
_aЧелябинск _cБ. и. _d1961 |
||
| 215 | _d20 | ||
| 702 | 1 |
_aТащев _bА. К. _gАлександр Кузьмич _4570 |
|
| 712 | 0 | 2 |
_aЧелябинский политехнический институт им. Ленинского комсомола _3RU\NLR\AUTH\8812484 |
| 801 | 0 |
_aRU _bNLR _gpsbo |
|
| 801 | 1 |
_aRU _bELAR _2rusmarc |
|
| 852 |
_aNLR _j61-4/6196 |
||
| 942 | _cBOOK | ||
| 980 | _aNB | ||